[Event "Seattle Summer Kickoff (1-3 U900)"]
[Site "Chess.com"]
[Date "2020.06.13"]
[Round "3"]
[White "Sankar, Sneha"]
[Black "Boddapati, Mahas"]
[Result "0-1"]
[WhiteElo "774"]
[BlackElo "836"]
[PlyCount "40"]
[EventDate "2020.??.??"]
[SourceDate "2020.06.27"]

1. e4 c5 2. Nf3 Nc6 3. Nc3 Nf6 4. Bb5 g6 5. O-O Bg7 6. e5 Nh5 7. d3 Nxe5 8. Ng5
O-O 9. Nxh7 Kxh7 10. Re1 a6 11. Bc4 Nxc4 12. dxc4 Qc7 13. Ne4 Qc6 14. Ng5+ Kg8
15. Rxe7 Bf6 16. Re3 Bxg5 17. Re1 Bf6 18. Bd2 b6 19. Bc3 Bb7 20. Bxf6 Qxg2# 0-1

[Event "Seattle Summer Kickoff (1-3 U900)"]
[Site "Chess.com"]
[Date "2020.06.13"]
[Round "3"]
[White "Suriya, Aarti"]
[Black "Valiveti, Sriram"]
[Result "0-1"]
[WhiteElo "635"]
[BlackElo "653"]
[PlyCount "58"]
[EventDate "2020.??.??"]
[SourceDate "2020.06.27"]

1. e4 e5 2. Nf3 Nc6 3. d4 exd4 4. Nxd4 Bc5 5. Be3 Qf6 6. c3 Nge7 7. Bc4 O-O 8.
O-O d6 9. Qd2 Qg6 10. Bd5 Nxd5 11. exd5 Nxd4 12. cxd4 Bb6 13. Nc3 Bh3 14. g3
Bxf1 15. Rxf1 h6 16. Na4 c5 17. dxc5 dxc5 18. Bxc5 Bxc5 19. Nxc5 b6 20. Nd7
Rfd8 21. Ne5 Qd6 22. Nf3 Qxd5 23. Qc2 Qxf3 24. Re1 Rac8 25. Qa4 Rd2 26. Rf1
Rxb2 27. Qxa7 Rxf2 28. Rxf2 Rc1+ 29. Rf1 Qxf1# 0-1

[Event "Seattle Summer Kickoff (1-3 U900)"]
[Site "Chess.com"]
[Date "2020.06.13"]
[Round "3"]
[White "Wang, Lucas"]
[Black "Tsai, Nicholas"]
[Result "1-0"]
[WhiteElo "899"]
[BlackElo "615"]
[PlyCount "35"]
[EventDate "2020.??.??"]
[SourceDate "2020.06.27"]

1. e4 e5 2. Nf3 Nc6 3. Bb5 Bb4 4. Bxc6 dxc6 5. Nxe5 Nf6 6. O-O O-O 7. a3 Bc5 8.
b4 Bb6 9. c4 Nxe4 10. c5 a5 11. cxb6 cxb6 12. bxa5 bxa5 13. Re1 Nc5 14. d4 Ne6
15. Nf3 Re8 16. Bg5 Nxg5 17. Nxg5 Qxg5 18. Rxe8# 1-0

[Event "Seattle Summer Kickoff (1-3 U900)"]
[Site "Chess.com"]
[Date "2020.06.13"]
[Round "3"]
[White "Yuen, Otto Shing-Lok"]
[Black "Venuturumilli, Dhruv"]
[Result "0-1"]
[WhiteElo "801"]
[BlackElo "781"]
[PlyCount "92"]
[EventDate "2020.??.??"]
[SourceDate "2020.06.27"]

1. e4 e5 2. Nf3 Nf6 3. Nc3 Nc6 4. d3 d5 5. Be2 dxe4 6. dxe4 Qxd1+ 7. Nxd1 Be6
8. O-O Nxe4 9. Bd3 f5 10. Nc3 Nxc3 11. bxc3 e4 12. Bb5 exf3 13. gxf3 a6 14.
Bxc6+ bxc6 15. Bf4 Bd6 16. Bg5 Bc4 17. Rfe1+ Kf8 18. Bh4 Bd5 19. Bg3 Bxg3 20.
hxg3 Bxf3 21. Re3 Be4 22. Rb1 Bxc2 23. Rb7 Rc8 24. Re6 Ba4 25. Rb4 Kf7 26. Re5
Bb5 27. Rxf5+ Ke6 28. Re4+ Kxf5 29. Re7 Rce8 30. Rxc7 Re2 31. Rf7+ Kg6 32. Rd7
Rxa2 33. Rd6+ Kf5 34. Rd7 Ra1+ 35. Kg2 Bf1+ 36. Kf3 Ra3 37. Rf7+ Ke6 38. Rxg7
Rxc3+ 39. Kg4 Be2+ 40. Kh3 Rf3 41. Kg2 Rd3 42. Kh3 Bf1+ 43. Kh4 Rf3 44. Kg4
Rxf2 45. Rg5 Be2+ 46. Kh4 Rh2# 0-1

[Event "Seattle Summer Kickoff (1-3 U900)"]
[Site "Chess.com"]
[Date "2020.06.13"]
[Round "4"]
[White "Boddapati, Mahas"]
[Black "Nemani, Savant Ram"]
[Result "0-1"]
[WhiteElo "836"]
[BlackElo "509"]
[PlyCount "76"]
[EventDate "2020.??.??"]
[SourceDate "2020.06.27"]

1. e4 e5 2. d4 exd4 3. Qxd4 Nc6 4. Qd1 Bd6 5. Nf3 Nf6 6. Nc3 O-O 7. Bc4 Na5 8.
Bd3 Qe7 9. Qe2 Nc6 10. O-O Be5 11. Bd2 d6 12. Rfe1 Nd4 13. Nxd4 Bxd4 14. Nd5
Nxd5 15. exd5 Qf6 16. c3 Be5 17. Qe3 Qh4 18. h3 f5 19. f4 Bf6 20. Be2 h6 21. g3
Qxh3 22. Bf1 Qh5 23. Qd3 Qg4 24. Be2 Qg6 25. Qf3 Bh4 26. Kg2 Bd7 27. Be3 c6 28.
c4 Bf6 29. Rab1 Qf7 30. Red1 cxd5 31. cxd5 Rac8 32. Bxa7 Rc2 33. Bd4 Bxd4 34.
Rxd4 Bb5 35. Re1 Re8 36. Rb4 Bxe2 37. Rxe2 Rexe2+ 38. Kh3 Rh2# 0-1

[Event "Seattle Summer Kickoff (1-3 U900)"]
[Site "Chess.com"]
[Date "2020.06.13"]
[Round "4"]
[White "Chen, Lawrence"]
[Black "Bogdanov, Ivan"]
[Result "0-1"]
[WhiteElo "491"]
[BlackElo "722"]
[PlyCount "72"]
[EventDate "2020.??.??"]
[SourceDate "2020.06.27"]

1. e4 e5 2. Nf3 Nc6 3. Bc4 Bc5 4. Nc3 d6 5. O-O Bg4 6. h3 Bxf3 7. Qxf3 Nf6 8.
d3 Qe7 9. b4 Bd4 10. Bb2 a6 11. a4 b5 12. axb5 Bxc3 13. Bxc3 Nd4 14. Bxd4 exd4
15. Rfb1 O-O 16. Rb2 axb5 17. Rxa8 Rxa8 18. Bxb5 Ra1+ 19. Kh2 Ra8 20. Bc6 Ra6
21. Bb7 Rb6 22. Ba8 c6 23. c4 Qa7 24. b5 Qxa8 25. e5 dxe5 26. Qf5 Qb8 27. Qxe5
Qxe5+ 28. Kg1 cxb5 29. Rb1 Qf5 30. Rb2 Qxd3 31. cxb5 Rxb5 32. Ra2 h6 33. Ra8+
Kh7 34. Rf8 Qe4 35. Rxf7 Qe5 36. Ra7 Rb1# 0-1

[Event "Seattle Summer Kickoff (1-3 U900)"]
[Site "Chess.com"]
[Date "2020.06.13"]
[Round "4"]
[White "Ephrem, Keli"]
[Black "Kunimoto, Jonah"]
[Result "0-1"]
[WhiteElo "616"]
[BlackElo "572"]
[PlyCount "44"]
[EventDate "2020.??.??"]
[SourceDate "2020.06.27"]

1. e4 e5 2. Qf3 Bd6 3. Bc4 f6 4. g4 Bc5 5. g5 c6 6. gxf6 Nxf6 7. Nh3 d5 8. Bb3
dxe4 9. Qe2 Bd6 10. Ng5 Nd5 11. Ne6 Bxe6 12. Rg1 O-O 13. Qg4 Bxg4 14. Rxg4 Qc8
15. Rg1 c5 16. d3 exd3 17. Bh6 c4 18. Rxg7+ Kh8 19. Ba4 dxc2 20. Nc3 Nxc3 21.
Bd7 Nxd7 22. Rd1 cxd1=Q# 0-1

[Event "Seattle Summer Kickoff (1-3 U900)"]
[Site "Chess.com"]
[Date "2020.06.13"]
[Round "4"]
[White "Jewsbury, Annika"]
[Black "Smith, Cole"]
[Result "0-1"]
[WhiteElo "594"]
[BlackElo "776"]
[PlyCount "40"]
[EventDate "2020.??.??"]
[SourceDate "2020.06.27"]

1. e4 Nf6 2. Nf3 Nxe4 3. d3 Nf6 4. d4 d5 5. Bb5+ c6 6. Ba4 Bg4 7. O-O Bxf3 8.
Qxf3 Qd6 9. a3 Ng4 10. Qh3 Qg6 11. Nd2 e6 12. Nf3 Qe4 13. c3 Bd6 14. Ng5 Qe5
15. Nf3 Qf5 16. Nd2 Qf4 17. Nf3 Qf6 18. Re1 O-O 19. Kf1 Bxh2 20. Nxh2 Qxf2# 0-1

[Event "Seattle Summer Kickoff (1-3 U900)"]
[Site "Chess.com"]
[Date "2020.06.13"]
[Round "4"]
[White "Kapur, Viraaj"]
[Black "Yuen, Otto Shing-Lok"]
[Result "0-1"]
[WhiteElo "547"]
[BlackElo "801"]
[PlyCount "128"]
[EventDate "2020.??.??"]
[SourceDate "2020.06.27"]

1. e4 e5 2. Bc4 Nf6 3. Nc3 Nc6 4. Nf3 Bb4 5. Ng5 O-O 6. O-O h6 7. Nf3 Bxc3 8.
dxc3 Nxe4 9. Bd5 Nf6 10. Bxc6 dxc6 11. Nxe5 Qxd1 12. Rxd1 Bg4 13. Re1 Rae8 14.
Bf4 Bf5 15. h3 Bxc2 16. Ng6 Bxg6 17. Rxe8 Rxe8 18. Bxc7 Nd5 19. Bd6 Re6 20. Bc5
Re2 21. c4 Nc7 22. Bd6 Na6 23. b3 Re6 24. Ba3 b5 25. cxb5 cxb5 26. b4 Re4 27.
Bb2 Rxb4 28. Bc3 Rc4 29. Rc1 b4 30. Bd2 Rxc1+ 31. Bxc1 Bf5 32. a4 Nc5 33. a5
Nb3 34. Bb2 Nxa5 35. f3 Nb3 36. f4 a5 37. g4 Be4 38. f5 a4 39. Kf2 a3 40. Bd4
a2 41. Ke2 a1=Q 42. Bxa1 Nxa1 43. Ke3 b3 44. Kd2 b2 45. Ke3 b1=Q 46. h4 Qh1 47.
h5 Qh3+ 48. Kf4 Bf3 49. Ke5 Bxg4 50. f6 gxf6+ 51. Kxf6 Bxh5 52. Ke5 Qe3+ 53.
Kd5 f5 54. Kd6 f4 55. Kd5 f3 56. Kd6 f2 57. Kd5 f1=R 58. Kd6 Rf4 59. Kd5 Qa3
60. Ke5 Rb4 61. Kd5 Qa5+ 62. Kc6 Rb6+ 63. Kc7 Qa7+ 64. Kd8 Rb8# 0-1

[Event "Seattle Summer Kickoff (1-3 U900)"]
[Site "Chess.com"]
[Date "2020.06.13"]
[Round "4"]
[White "Potturu, Monish"]
[Black "Ramkumar, Siddharth"]
[Result "1-0"]
[WhiteElo "808"]
[BlackElo "740"]
[PlyCount "99"]
[EventDate "2020.??.??"]
[SourceDate "2020.06.27"]

1. e4 e5 2. Nf3 Nc6 3. Bb5 Nf6 4. O-O Bc5 5. Nc3 O-O 6. d3 h6 7. Be3 Bb6 8.
Bxb6 axb6 9. Bxc6 bxc6 10. Nxe5 d6 11. Nxc6 Qe8 12. Nd4 Bg4 13. Nf3 Qe5 14.
Nxe5 Bxd1 15. Raxd1 dxe5 16. Ra1 Nd7 17. Nd5 Rac8 18. b3 c5 19. Rfd1 Kh8 20. c3
Nf6 21. Nxf6 gxf6 22. d4 Rcd8 23. dxc5 bxc5 24. Rxd8 Rxd8 25. g3 Rd3 26. c4 Rd4
27. f3 Rd3 28. Rf1 Rd2 29. Rf2 Rxf2 30. Kxf2 Kg8 31. a3 Kf8 32. b4 cxb4 33.
axb4 Ke8 34. b5 Kd8 35. Ke3 Kc8 36. h4 Kb7 37. Kd3 Kb6 38. Kc3 Kc5 39. f4 exf4
40. gxf4 Kb6 41. Kb4 Kb7 42. c5 Kb8 43. b6 Kb7 44. Kb5 Kb8 45. c6 Kc8 46. e5
fxe5 47. fxe5 h5 48. b7+ Kb8 49. Kb6 f5 50. c7# 1-0

[Event "Seattle Summer Kickoff (1-3 U900)"]
[Site "Chess.com"]
[Date "2020.06.13"]
[Round "4"]
[White "Rusia, Naman"]
[Black "Harding, Max"]
[Result "0-1"]
[WhiteElo "871"]
[BlackElo "743"]
[PlyCount "130"]
[EventDate "2020.??.??"]
[SourceDate "2020.06.27"]

1. d4 d5 2. Nc3 Nf6 3. Be3 Ne4 4. Nxe4 dxe4 5. f3 exf3 6. Nxf3 Bg4 7. h3 Bxf3
8. gxf3 e6 9. Bg2 e5 10. O-O exd4 11. Qxd4 Nc6 12. Qxd8+ Nxd8 13. Rad1 Ne6 14.
c3 Bc5 15. Bxc5 Nxc5 16. f4 O-O 17. b3 Rfd8 18. Rxd8+ Rxd8 19. b4 Na4 20. c4
Nc3 21. Bf3 Nxa2 22. Bxb7 Nxb4 23. Bg2 Nc2 24. Rc1 Ne3 25. c5 Nxg2 26. Kxg2 c6
27. Ra1 Rd5 28. Rxa7 g5 29. fxg5 Rxg5+ 30. Kf2 Rxc5 31. Ra8+ Kg7 32. Ra1 f5 33.
Ke3 Rc3+ 34. Kf2 Rxh3 35. Rc1 Rh2+ 36. Ke3 Rh3+ 37. Kf2 Rh6 38. Rg1+ Rg6 39.
Rc1 h5 40. e3 h4 41. Rh1 Rh6 42. Kf3 c5 43. e4 fxe4+ 44. Kxe4 c4 45. Rc1 h3 46.
Rxc4 h2 47. Rc1 h1=Q+ 48. Rxh1 Rxh1 49. Kf3 Kg6 50. Kg2 Ra1 51. Kf2 Kf5 52. Ke2
Ke4 53. Kd2 Ra3 54. Kc2 Rh3 55. Kb2 Kd3 56. Ka3 Kc4+ 57. Ka4 Rb3 58. Ka5 Rb5+
59. Ka4 Kc5 60. Ka3 Ra5+ 61. Kb3 Kd4 62. Kb4 Rh5 63. Ka4 Kc4 64. Ka3 Rh2 65.
Ka4 Ra2# 0-1

[Event "Seattle Summer Kickoff (1-3 U900)"]
[Site "Chess.com"]
[Date "2020.06.13"]
[Round "4"]
[White "Suriya, Aarti"]
[Black "Malone, Cullen"]
[Result "1-0"]
[WhiteElo "635"]
[BlackElo "834"]
[PlyCount "99"]
[EventDate "2020.??.??"]
[SourceDate "2020.06.27"]

1. e4 e5 2. Nf3 Nc6 3. Bb5 Nf6 4. Bxc6 dxc6 5. Qe2 Bg4 6. O-O Qd6 7. h3 Bxf3 8.
Qxf3 O-O-O 9. Nc3 Qd4 10. d3 Bb4 11. Bd2 Rd7 12. Ne2 Qd6 13. Bxb4 Qxb4 14. Rab1
Rhd8 15. Qg3 Qc5 16. Qxg7 Ne8 17. Qxh7 f6 18. Qf5 Nd6 19. Qxf6 Rf7 20. Qe6+ Kb8
21. b4 Qxc2 22. Rbe1 Re8 23. Qb3 Qxb3 24. axb3 Rg8 25. Ra1 Rfg7 26. g3 Rh8 27.
h4 Nf7 28. Ra2 Ng5 29. hxg5 Rgh7 30. Kg2 Rh2+ 31. Kf3 Rf8+ 32. Ke3 Rh5 33. Rfa1
Rxg5 34. Rxa7 Kc8 35. Ra8+ Kd7 36. Rxf8 Ke7 37. Rf5 Rg4 38. Rxe5+ Kf6 39. Rf5+
Kg6 40. Ra7 b6 41. Rxc7 Rg5 42. Rxc6+ Kh5 43. Rxb6 Rxf5 44. exf5 Kg4 45. f6 Kg5
46. f7 Kf5 47. f8=Q+ Ke5 48. Qd6+ Kf5 49. Qg6+ Ke5 50. Qe6# 1-0

[Event "Seattle Summer Kickoff (1-3 U900)"]
[Site "Chess.com"]
[Date "2020.06.13"]
[Round "4"]
[White "Valiveti, Sriram"]
[Black "Venuturumilli, Dhruv"]
[Result "1-0"]
[WhiteElo "653"]
[BlackElo "781"]
[PlyCount "139"]
[EventDate "2020.??.??"]
[SourceDate "2020.06.27"]

1. e4 e5 2. Nf3 Nc6 3. d4 exd4 4. Nxd4 Bc5 5. Be3 Qf6 6. c3 Nge7 7. Bc4 O-O 8.
O-O d6 9. Nxc6 Nxc6 10. Bxc5 dxc5 11. Nd2 Ne5 12. b3 Nxc4 13. Nxc4 b6 14. e5
Qg6 15. g3 Bb7 16. b4 Qc6 17. Ne3 cxb4 18. cxb4 Ba6 19. Rc1 Qe4 20. Re1 Rad8
21. Qa4 b5 22. Qxa6 Qxe5 23. Qxa7 Ra8 24. Qc5 Qxc5 25. bxc5 Rxa2 26. Nd5 c6 27.
Ne7+ Kh8 28. Nxc6 Rc8 29. Ne7 Re8 30. c6 Raa8 31. c7 h5 32. c8=Q Raxc8 33. Rxc8
Rxc8 34. Nxc8 f6 35. Rb1 g5 36. Rxb5 h4 37. gxh4 gxh4 38. Rh5+ Kg7 39. Rxh4 Kg6
40. Rh8 Kg7 41. Rd8 Kg6 42. h4 Kh5 43. Rh8+ Kg6 44. h5+ Kg7 45. Rd8 Kh6 46. Rf8
Kg5 47. h6 Kxh6 48. Rxf6+ Kg5 49. Rf8 Kg6 50. f4 Kg7 51. Rd8 Kf6 52. Kg2 Kf5
53. Rf8+ Kg4 54. f5 Kg5 55. f6 Kg6 56. f7 Kg7 57. Re8 Kxf7 58. Re5 Kf6 59. Re4
Kg5 60. Kf3 Kf5 61. Nd6+ Kf6 62. Kf4 Kg6 63. Re5 Kf6 64. Ne8+ Kg6 65. Rf5 Kh6
66. Rg5 Kh7 67. Kf5 Kh6 68. Kf6 Kh7 69. Rg2 Kh6 70. Rh2# 1-0

[Event "Seattle Summer Kickoff (1-3 U900)"]
[Site "Chess.com"]
[Date "2020.06.13"]
[Round "4"]
[White "Wang, Lucas"]
[Black "Sankar, Sneha"]
[Result "0-1"]
[WhiteElo "899"]
[BlackElo "774"]
[PlyCount "72"]
[EventDate "2020.??.??"]
[SourceDate "2020.06.27"]

1. e4 e6 2. d3 d5 3. exd5 exd5 4. Qe2+ Ne7 5. Nc3 Nbc6 6. d4 g6 7. Qe3 Bg7 8.
Bb5 O-O 9. Bxc6 bxc6 10. Qf3 Nf5 11. Be3 Re8 12. O-O-O Nd6 13. Re1 Nc4 14. b3
Nxe3 15. fxe3 Qd6 16. Nge2 Qa3+ 17. Kd2 Qd6 18. Nf4 Rb8 19. a3 a6 20. e4 c5 21.
e5 Qd8 22. dxc5 d4 23. Ncd5 Bb7 24. Re2 Bh6 25. Nf6+ Kh8 26. Nxe8 Bxf3 27. gxf3
Bxf4+ 28. Kd3 Qxe8 29. Re4 Qb5+ 30. c4 Qxb3+ 31. Ke2 Qc2+ 32. Kf1 Rb1+ 33. Re1
Rd1 34. Rxd1 Qxd1+ 35. Kg2 Qe2+ 36. Kg1 Be3# 0-1

[Event "Seattle Summer Kickoff (1-3 U900)"]
[Site "Chess.com"]
[Date "2020.06.13"]
[Round "5"]
[White "Bogdanov, Ivan"]
[Black "Boddapati, Mahas"]
[Result "0-1"]
[WhiteElo "722"]
[BlackElo "836"]
[PlyCount "152"]
[EventDate "2020.??.??"]
[SourceDate "2020.06.27"]

1. e4 e5 2. Nf3 Nc6 3. Nc3 Nf6 4. Bb5 Bd6 5. d3 O-O 6. Bg5 a6 7. Bxc6 dxc6 8.
Bxf6 Qxf6 9. O-O Qg6 10. d4 Bh3 11. Ne1 Bg4 12. f3 Be6 13. d5 cxd5 14. exd5 Bf5
15. Ne4 Bxe4 16. fxe4 Qxe4 17. Qf3 Qxf3 18. Rxf3 Bc5+ 19. Kh1 e4 20. Rf1 e3 21.
Nd3 e2 22. Rfe1 Bd4 23. Rxe2 Rfe8 24. Rxe8+ Rxe8 25. h3 h6 26. Re1 Rxe1+ 27.
Nxe1 Bxb2 28. Kh2 Be5+ 29. g3 b5 30. Nd3 Bd6 31. Kg2 Kh7 32. Kf3 g6 33. g4 f6
34. Nf2 c5 35. Ne4 Bf8 36. d6 f5 37. gxf5 gxf5 38. Nf6+ Kg7 39. Nh5+ Kg6 40.
Nf4+ Kf6 41. d7 Be7 42. Nd5+ Ke6 43. Nxe7 Kxe7 44. Kf4 Kxd7 45. Kxf5 Ke7 46.
Ke5 Kf7 47. Kd5 Kg6 48. Ke4 Kg5 49. Kf3 Kh4 50. Ke4 Kxh3 51. Kf5 h5 52. Kg5 h4
53. Kh5 Kg3 54. Kg5 h3 55. Kf5 h2 56. Ke5 h1=Q 57. Kd6 Qc1 58. Kxc5 Qxc2+ 59.
Kb6 Qxa2 60. Ka7 b4 61. Kb6 b3 62. Kc6 b2 63. Kd6 b1=Q 64. Ke5 Qb4 65. Kf5
Qaa5+ 66. Ke6 Qbb5 67. Kd6 Qab6+ 68. Ke7 Q5c6 69. Kf8 Qb8+ 70. Ke7 Qcc7+ 71.
Ke6 Qbb6+ 72. Kd5 Qcc5+ 73. Ke4 Qbb4+ 74. Kd3 Qcc3+ 75. Ke2 Qbb2+ 76. Kd1 Qcc1#
0-1

[Event "Seattle Summer Kickoff (1-3 U900)"]
[Site "Chess.com"]
[Date "2020.06.13"]
[Round "5"]
[White "Harding, Max"]
[Black "Kapur, Viraaj"]
[Result "0-1"]
[WhiteElo "743"]
[BlackElo "547"]
[PlyCount "36"]
[EventDate "2020.??.??"]
[SourceDate "2020.06.27"]

1. e4 e5 2. Nf3 Nc6 3. Bb5 Nf6 4. d3 Bc5 5. O-O O-O 6. Bxc6 dxc6 7. Nxe5 Qe7 8.
Bf4 Bd4 9. c3 Bxe5 10. Bxe5 Qxe5 11. d4 Qxe4 12. Re1 Bg4 13. f3 Qf4 14. fxg4
Qxg4 15. Qxg4 Nxg4 16. Re4 f5 17. Re7 Rae8 18. Rxc7 Re1# 0-1

[Event "Seattle Summer Kickoff (1-3 U900)"]
[Site "Chess.com"]
[Date "2020.06.13"]
[Round "5"]
[White "Jewsbury, Annika"]
[Black "Wang, Lucas"]
[Result "0-1"]
[WhiteElo "594"]
[BlackElo "899"]
[PlyCount "58"]
[EventDate "2020.??.??"]
[SourceDate "2020.06.27"]

1. e4 e5 2. Nf3 Nc6 3. Bb5 Nf6 4. Nc3 d6 5. Bc4 Be6 6. Bd3 Bg4 7. h3 Bxf3 8.
Qxf3 Nd4 9. Qd1 Qd7 10. Bc4 c6 11. Bd3 d5 12. b3 Bb4 13. O-O Bxc3 14. dxc3 Nb5
15. c4 Nc3 16. Qd2 d4 17. c5 Nfxe4 18. Qe1 Nxc5 19. Bc4 b5 20. Be2 f6 21. Ba3
Nxe2+ 22. Qxe2 Qd5 23. Rfe1 a5 24. Qh5+ g6 25. Qh6 O-O-O 26. Bc1 d3 27. Rd1 Qd4
28. Kf1 Qxa1 29. Be3 Qxd1# 0-1

[Event "Seattle Summer Kickoff (1-3 U900)"]
[Site "Chess.com"]
[Date "2020.06.13"]
[Round "5"]
[White "Kunimoto, Jonah"]
[Black "Malone, Cullen"]
[Result "0-1"]
[WhiteElo "572"]
[BlackElo "834"]
[PlyCount "108"]
[EventDate "2020.??.??"]
[SourceDate "2020.06.27"]

1. e4 d5 2. exd5 Qxd5 3. b3 Qe5+ 4. Ne2 Qxa1 5. Nbc3 Qxa2 6. Nxa2 Bg4 7. f3 Bf5
8. g4 Bg6 9. Nf4 Nf6 10. Nxg6 hxg6 11. g5 Nd5 12. Bc4 Nb6 13. Bd3 Nc6 14. Bb5
O-O-O 15. Bxc6 bxc6 16. Nb4 Kb7 17. h4 e5 18. h5 Bxb4 19. c3 Ba5 20. b4 Bxb4
21. cxb4 f5 22. Qe2 Nc4 23. Qxc4 e4 24. hxg6 Rxh1+ 25. Ke2 exf3+ 26. Kxf3 Rf1+
27. Qxf1 f4 28. Kxf4 Rf8+ 29. Kg3 Rxf1 30. Bb2 Rg1+ 31. Kf3 Rxg5 32. Bxg7 Rxg6
33. Bd4 Rd6 34. Be5 Rxd2 35. Bf4 Rd4 36. Be3 Rxb4 37. Bd2 Rb3+ 38. Be3 a5 39.
Kf4 a4 40. Bc1 Rb4+ 41. Kg3 Rc4 42. Bb2 Rc2 43. Bh8 a3 44. Kg4 a2 45. Kh5 Rh2+
46. Kg5 Rxh8 47. Kg6 a1=Q 48. Kf5 c5 49. Kg6 c4 50. Kf7 c3 51. Kg7 c2+ 52. Kg6
c1=Q 53. Kf7 Qf4+ 54. Kg6 Qaf6# 0-1

[Event "Seattle Summer Kickoff (1-3 U900)"]
[Site "Chess.com"]
[Date "2020.06.13"]
[Round "5"]
[White "Nemani, Savant Ram"]
[Black "Valiveti, Sriram"]
[Result "0-1"]
[WhiteElo "509"]
[BlackElo "653"]
[PlyCount "40"]
[EventDate "2020.??.??"]
[SourceDate "2020.06.27"]

1. e4 e5 2. Nf3 Nc6 3. Nc3 Nf6 4. d4 exd4 5. Nxd4 Bc5 6. Be3 O-O 7. Bc4 d6 8.
O-O Be6 9. Nxc6 bxc6 10. Bxc5 Bxc4 11. Re1 dxc5 12. Qf3 Qd2 13. e5 Nd5 14. Nxd5
cxd5 15. Rec1 Be2 16. Qb3 Rab8 17. Qa3 h6 18. Qxc5 Rxb2 19. Qxc7 Rxa2 20. Rxa2
Qxc1# 0-1

[Event "Seattle Summer Kickoff (1-3 U900)"]
[Site "Chess.com"]
[Date "2020.06.13"]
[Round "5"]
[White "Rusia, Naman"]
[Black "Ramkumar, Siddharth"]
[Result "1/2-1/2"]
[WhiteElo "871"]
[BlackElo "740"]
[PlyCount "118"]
[EventDate "2020.??.??"]
[SourceDate "2020.06.27"]

1. d4 d5 2. Nf3 Nf6 3. Nc3 Nc6 4. Bf4 Bf5 5. Qd2 e6 6. Nb5 Bd6 7. Bxd6 cxd6 8.
O-O-O O-O 9. Nc3 e5 10. dxe5 dxe5 11. Nxe5 Nxe5 12. Nxd5 Nxd5 13. Qxd5 Qxd5 14.
Rxd5 Rfe8 15. g3 Be4 16. Rb5 b6 17. Rg1 Ng4 18. e3 Nxf2 19. Bc4 Ng4 20. Bd3
Bxd3 21. cxd3 Nxe3 22. Re1 Ng4 23. Rxe8+ Rxe8 24. h3 Ne3 25. Kd2 h6 26. g4 Nf1+
27. Kd1 Re3 28. d4 Rd3+ 29. Kc2 Rxd4 30. Re5 Rd2+ 31. Kc1 Rh2 32. Re8+ Kh7 33.
Ra8 a5 34. Rb8 Rxh3 35. Rxb6 Rg3 36. Ra6 Rxg4 37. Rxa5 g5 38. b4 Rxb4 39. a3
Rc4+ 40. Kb2 g4 41. Ra7 g3 42. Rxf7+ Kg6 43. Rxf1 Rg4 44. Rg1 Kf5 45. a4 Kf4
46. a5 Kf3 47. Rf1+ Kg2 48. Rf6 Ra4 49. Ra6 Kf2 50. Kb3 Ra1 51. Kb4 g2 52. Rxh6
g1=Q 53. a6 Rb1+ 54. Ka3 Ra1+ 55. Kb4 Rxa6 56. Rxa6 Qe1+ 57. Ka4 Ke3 58. Re6+
Kd2 59. Rxe1 Kxe1 1/2-1/2

[Event "Seattle Summer Kickoff (1-3 U900)"]
[Site "Chess.com"]
[Date "2020.06.13"]
[Round "5"]
[White "Smith, Cole"]
[Black "Sankar, Sneha"]
[Result "1-0"]
[WhiteElo "776"]
[BlackElo "774"]
[PlyCount "119"]
[EventDate "2020.??.??"]
[SourceDate "2020.06.27"]

1. d4 d5 2. Bf4 Nc6 3. Nf3 Nf6 4. e3 Bf5 5. Bd3 Bxd3 6. Qxd3 e6 7. Nc3 Bb4 8.
a3 Be7 9. Nb5 O-O 10. O-O Qd7 11. Nxc7 Rac8 12. Nb5 Nh5 13. Bg5 Bxg5 14. Nxg5
g6 15. Nc3 Qe7 16. Nf3 Ng7 17. Ne2 Nf5 18. e4 Nd6 19. e5 Ne8 20. Nf4 Ng7 21. g3
Nb8 22. Nh4 Nd7 23. Qb3 b6 24. Rad1 a5 25. Rd3 g5 26. Nhg6 fxg6 27. Ng2 Nf5 28.
Rc3 Nh6 29. Rxc8 Rxc8 30. Rd1 Ng4 31. Qf3 h5 32. Qe2 Rd8 33. Ne3 Nxe3 34. Qxe3
h4 35. gxh4 gxh4 36. Qh6 Rf8 37. Qxg6+ Qg7 38. Qxg7+ Kxg7 39. Re1 Rf4 40. Re3
Rxd4 41. Rh3 Nf8 42. Kg2 Ng6 43. Kf3 Rd2 44. b4 axb4 45. axb4 Rxc2 46. Kg4 Rc4+
47. Kh5 Rxb4 48. Rf3 b5 49. Rf6 Rb2 50. Rxg6+ Kf7 51. Kg5 Rxf2 52. Rf6+ Kg7 53.
Rxf2 b4 54. Rb2 d4 55. Rxb4 d3 56. Rb2 h3 57. Rd2 Kf7 58. Rxd3 Ke8 59. Kf6 Kf8
60. Rd8# 1-0

[Event "Seattle Summer Kickoff (1-3 U900)"]
[Site "Chess.com"]
[Date "2020.06.13"]
[Round "5"]
[White "Tsai, Nicholas"]
[Black "Chen, Lawrence"]
[Result "1-0"]
[WhiteElo "615"]
[BlackElo "491"]
[PlyCount "97"]
[EventDate "2020.??.??"]
[SourceDate "2020.06.27"]

1. e4 e5 2. Nf3 Nc6 3. Nc3 Bc5 4. Bb5 Nf6 5. Bxc6 bxc6 6. Nxe5 d6 7. Nxc6 Qd7
8. Na5 Qg4 9. f3 Qh4+ 10. g3 Qh3 11. d3 Qg2 12. Nb5 Qxh1+ 13. Kd2 Bb4+ 14. c3
Bxa5 15. Qxh1 Rb8 16. Nd4 Bb6 17. Nc6 Rb7 18. Nb4 O-O 19. d4 Bd7 20. e5 dxe5
21. dxe5 Ne8 22. Nd5 Ba5 23. b4 c6 24. Ne7+ Kh8 25. bxa5 Nc7 26. Ba3 Re8 27.
Rd1 Be6 28. Ra1 Nb5 29. Bb4 a6 30. a4 c5 31. Bxc5 Rc7 32. Bb4 Rd8+ 33. Kc2 Rc4
34. axb5 axb5 35. a6 Bd5 36. a7 h6 37. Nxd5 Rc7 38. Nxc7 Rc8 39. a8=Q Rxa8 40.
Rxa8+ Kh7 41. Nd5 Kg6 42. Nf4+ Kg5 43. Qc1 Kf5 44. g4+ Kxe5 45. Re8+ Kf6 46.
Qe3 g6 47. Qe7+ Kg7 48. Ne6+ Kh7 49. Qxf7# 1-0

[Event "Seattle Summer Kickoff (1-3 U900)"]
[Site "Chess.com"]
[Date "2020.06.13"]
[Round "5"]
[White "Venuturumilli, Dhruv"]
[Black "Potturu, Monish"]
[Result "1/2-1/2"]
[WhiteElo "781"]
[BlackElo "808"]
[PlyCount "154"]
[EventDate "2020.??.??"]
[SourceDate "2020.06.27"]

1. e4 e5 2. Nf3 Nf6 3. Nxe5 d6 4. Nf3 Nxe4 5. d3 Nf6 6. Be2 Be7 7. O-O O-O 8.
d4 d5 9. c4 dxc4 10. Bxc4 Bc5 11. dxc5 Qxd1 12. Rxd1 Nc6 13. Bf4 Bg4 14. Nbd2
Rac8 15. h3 Bxf3 16. Nxf3 Nh5 17. Be3 h6 18. Bd3 Nf6 19. Bf5 Rce8 20. Bd7 Nxd7
21. Rxd7 Rc8 22. Bf4 Nb8 23. Bxc7 Nxd7 24. Bd6 Nxc5 25. Bxf8 Rxf8 26. Rd1 Ne6
27. Rd3 Rd8 28. Rxd8+ Nxd8 29. Ne5 a6 30. Nc4 Nc6 31. a3 a5 32. b4 axb4 33.
axb4 g5 34. b5 Nd8 35. Nd6 f6 36. g3 Kg7 37. Ne8+ Kg6 38. f4 gxf4 39. gxf4 f5
40. Kg2 h5 41. Kg3 Ne6 42. Nd6 Nd8 43. Nc4 Ne6 44. Ne3 Nd8 45. Ng2 Ne6 46. Nh4+
Kf6 47. Nf3 Kg6 48. h4 Kf6 49. Nd4 Nxd4 50. b6 Nc2 51. Kf3 Nb4 52. Ke3 Nd5+ 53.
Kd4 Nxb6 54. Kc5 Nc8 55. Kb5 Nd6+ 56. Kb6 Ne4 57. Kxb7 Nf2 58. Kc6 Ke6 59. Kc5
Ne4+ 60. Kd4 Ng3 61. Ke3 Nf1+ 62. Kd4 Ng3 63. Kc5 Ne2 64. Kc6 Nxf4 65. Kc7 Ng2
66. Kd8 Kf6 67. Kd7 Nxh4 68. Kd6 Kg5 69. Ke5 Ng2 70. Ke6 f4 71. Ke5 Kg4 72. Ke4
h4 73. Kd3 Kg3 74. Ke2 f3+ 75. Kf1 h3 76. Kg1 Ne3 77. Kh1 f2 1/2-1/2

[Event "Seattle Summer Kickoff (1-3 U900)"]
[Site "Chess.com"]
[Date "2020.06.13"]
[Round "5"]
[White "Yuen, Otto Shing-Lok"]
[Black "Suriya, Aarti"]
[Result "0-1"]
[WhiteElo "801"]
[BlackElo "635"]
[PlyCount "160"]
[EventDate "2020.??.??"]
[SourceDate "2020.06.27"]

1. e4 e5 2. Nf3 Nc6 3. Nc3 Nf6 4. d3 Bc5 5. Be2 O-O 6. Bg5 h6 7. Bxf6 Qxf6 8.
O-O Qg6 9. Nh4 Qg5 10. Nf3 Qg6 11. h3 Be7 12. Nd5 Bd8 13. a3 d6 14. Nh4 Qg5 15.
Nf3 Qg6 16. Nh2 Bxh3 17. Bf3 Nd4 18. Nc3 Nxf3+ 19. Qxf3 Be6 20. Nd5 c6 21. Ne3
Bg5 22. Neg4 Bxg4 23. Qxg4 Bf4 24. Qxg6 fxg6 25. Nf3 h5 26. d4 h4 27. Nxh4 exd4
28. Nf3 c5 29. Nh4 g5 30. Ng6 Rf6 31. Nxf4 gxf4 32. Rfe1 Rh6 33. f3 Re8 34.
Rad1 Re5 35. Rd3 Reh5 36. Rb3 Rh1+ 37. Kf2 Rxe1 38. Kxe1 Rh1+ 39. Ke2 Rh2 40.
Kf2 b6 41. Rd3 g5 42. Rd1 Kh7 43. Rg1 Kh6 44. Kf1 Kh5 45. b4 cxb4 46. axb4 a5
47. bxa5 bxa5 48. Kf2 g4 49. Ke2 gxf3+ 50. Kxf3 Kg5 51. c4 d3 52. c5 dxc5 53.
Kf2 c4 54. e5 c3 55. e6 d2 56. e7 c2 57. e8=Q c1=Q 58. Rxc1 dxc1=Q 59. Qb5+ Kg4
60. Qd7+ Kh4 61. Qh7+ Kg4 62. Qxh2 Qe3+ 63. Kf1 a4 64. Qh7 f3 65. Qg6+ Qg5 66.
Qxg5+ Kxg5 67. gxf3 a3 68. Kg2 a2 69. Kg3 a1=Q 70. f4+ Kf5 71. Kf3 Qf1+ 72. Ke3
Qxf4+ 73. Kd3 Qe4+ 74. Kc3 Ke5 75. Kb3 Kd5 76. Kc3 Kc5 77. Kb2 Kc4 78. Ka3 Kc3
79. Ka2 Qc2+ 80. Ka1 Qb2# 0-1